000 00233nam a2200085Ia 4500
005 20250523150954.0
008 250523s9999 xx 000 0 und d
245 0 _aSuna nın Serçeleri Gökkuş Diz
_cGülten Dayıoğlu
260 _bALTIN
999 _c11936
_d11936